Geographical Wine Regions of Spain - Statistics

General Stats
  • This quiz has been taken 216 times
  • The average score is 6 of 8
Answers on the Map
Answers color-coded by a green-red scale on the quiz's map according to % correct below.
 
Answer Stats
Answer % Correct
Catalunya
88%
Jerez
84%
Castilla-La Mancha
80%
North West, The
75%
Castilla y León
68%
Levante, The
67%
Duero Valley, The
66%
Upper Ebro, The
60%
No matching quizzes found
Score Distribution
Percent of People with Each Score
Percentile by Number Answered
Your Score History
You have not taken this quiz